000 00779nam a2200289Ia 4500
003 OSt
005 20221006153101.0
006 a|||||r|||| 00| 0
007 ta
008 221006b |||||||| |||| 00| 0 kor d
020 _a9788975991349
_cW 11,000
024 _a31,236
037 _bGift, Korea Foundation
_cTextual
040 _aEASL
_cEASL
_bkor
041 _2kor
_akor
082 _aP495, P1
100 _aSONG Soun Nang
_9662432
245 0 _aOunouwa hamnisoung-ui-sae chawon
260 _aKorea
_bChungnam University
_c2001
300 _a253p.
_ccm.
490 _v KL
650 _a KL
650 _a Linguistic
_9558313
650 _aKL
942 _hP495, P1
_cTEXL
_2CC
999 _c1099322
_d1099322